Thirst Trap - Audrey Hobert - Statistics

General Stats
  • This quiz has been taken 14 times
  • The average score is 372 of 469
Answer Stats
Answer % Correct
a
100%
and
100%
the
100%
I
90%
i'm
90%
I'm
90%
in
90%
me?
90%
me
90%
my
90%
not
90%
now
90%
So
90%
so
90%
that
90%
then
90%
thing
90%
thirst
90%
up
90%
yeah
90%
you
90%
all
80%
around
80%
at
80%
back
80%
bad
80%
be
80%
blame
80%
bout
80%
but
80%
But
80%
can
80%
change
80%
comin
80%
cool
80%
crazy?
80%
crazy
80%
date
80%
do
80%
ever
80%
for
80%
he
80%
I'll
80%
i'll
80%
insane
80%
it
80%
it's
80%
kick
80%
lightin
80%
look
80%
mirror
80%
movies
80%
pace
80%
room
80%
senses
80%
shame
80%
shower
80%
such
80%
super
80%
takin
80%
taking
80%
that's
80%
think
80%
thinkin
80%
to
80%
traps
80%
used
80%
usually
80%
want
80%
watchin
80%
what
80%
when
80%
would
80%
4/20
70%
after
70%
bet
70%
box
70%
can't
70%
changed
70%
days
70%
fightin
70%
gonna
70%
got
70%
happy
70%
hundred
70%
if
70%
lame
70%
like
70%
made
70%
news
70%
on
70%
or
70%
read
70%
sorry
70%
stay
70%
suspicious
70%
take
70%
text
70%
think's
70%
this
70%
too
70%
tools
70%
wake
70%
way
70%
what's
70%
with
70%
wouldn't
70%
write
70%
your
70%
beauty
60%
because
60%
bitch
60%
borin
60%
captured
60%
catch
60%
don't
60%
easy
60%
he'll
60%
just
60%
noon
60%
of
60%
playlist
60%
pretend
60%
see
60%
sick
60%
spend
60%
trenches
60%
twisted
60%
waking
60%
adore
50%
forget
50%
forgive
50%
know
50%
let
50%
listen
50%
once
50%
people's
50%
post
50%
roof
50%
some
50%
tannin
50%
blazed
40%
Cause
40%
doesn't
40%
eventually
40%
matter
40%
move
40%
ooh
40%
pictures
40%
Yes
40%
she's
30%
soul
30%
vacant
30%
yours
30%
why
20%
fool
10%
you're
10%
suffering
0%
No matching quizzes found
Score Distribution
Percent of People with Each Score
Percentile by Number Answered
Your Score History
You have not taken this quiz